000 01374nam0a22003011 4500
001 rc\4715274
005 20250611140441.0
035 _a(NLR Aleph) 008219140
090 _a8145080
_c8145080
100 _a20130416d1957 |||y0rusy50 ca
101 0 _arus
102 _aRU
105 _aa z |||||
200 1 _aПамятники архитектуры Средней Азии эпохи Навои
210 _aТашкент
_cИзд-во САГУ
_d1957
215 _a98 с., 33 л. ил., 1 отд. л. ил.
_d22
225 1 _aМинистерство высшего образования СССР. Среднеазиатский государственный университет имени В.И. Ленина. Труды
_iНовая серия
_vВып. 108
_iИсторические науки
_vКн. 22
320 _aБиблиогр. в примеч.: с. 87-95
606 _aСреднеазиатская архитектура
_z15 в.
_2psbo
606 _aАрхеологические памятники
_yСредняя Азия
_2psbo
700 1 _4070
_7ca
_8rus
_aПугаченкова
_bГ. А.
_f1915-2007
_gГалина Анатольевна
_9268024
_3RU\NLR\AUTH\770268080
801 0 _aRU
_bNLR
_gpsbo
801 1 _aRU
_bELAR
_2rusmarc
852 _aNLR
_jП22/1582
852 _aNLR
_jКрII/1560
942 _cBOOK
980 _aNB